00486 a2200157 4500010001400000020002300014035001300037037001500050082000800065100002400073245009400097260003200191270005800223300002800281500001900309 aENG-86391 a8190363409c695.00 aEN-69924 bDBAD / PUB14a401 aTrautmann, Thomas R1 aLanguages and nations :cby Thomas R. Trautmannbthe Dravidian proof in colonial Madras / aNew DelhibYoda Pressc2006 aG-93, Connaught CircusbNew DelhicNew Delhie110 001 axxiii, 304p.c24cm (Hb) aIncludes index